Wanted for Crimes Real and Fictional - Statistics

General Stats
  • This quiz has been taken 47,696 times
  • The average score is 13 of 20
Answer Stats
Wanted For Perpetrator % Correct
Eating forbidden fruit Eve
94%
Eating forbidden fruit Adam
91%
Slaying Goliath David
90%
Opening a box containing all the world's troubles Pandora
84%
Killing Abel Cain
82%
Blowing up the first Death Star Luke Skywalker
79%
Killing Dumbledore Severus Snape
79%
Shooting Greedo Han Solo
77%
Stealing porridge and breaking a chair Goldilocks
73%
Killing the radio star Video
73%
Grand Theft: Christmas The Grinch
70%
Stealing Gollum's ring Bilbo Baggins
66%
Robbing and killing a giant Jack
66%
Stuffing a witch into an oven Gretel
55%
Shooting Mr. Burns Maggie Simpson
45%
Killing Achilles Paris
43%
Killing Alexander Hamilton Aaron Burr
42%
Killing Apollo Creed Ivan Drago
33%
Starting the Chicago Fire Mrs. {O}'{Leary}'s Cow
23%
Killing Cock Robin The Sparrow
9%
No matching quizzes found
Score Distribution
Percent of People with Each Score
Percentile by Number Answered
Your Score History
You have not taken this quiz